All Jack Massey Welsh profile pictures - Statistics

General Stats
  • This quiz has been taken 4 times
  • The average score is 16 of 21
Answer Stats
Picture Answer % Correct
Jack Massey Welsh
100%
JackMasseyWelsh
100%
Jack Massey Welsh
100%
JackSucksAtClips
100%
JackSucksAtGeography
100%
JackSucksAtLife
100%
JackSucksAtPopUpPirate
100%
JackSucksAtStuff
100%
SamSmellsOfApricot
100%
Fufik
75%
jackmw
75%
JacksEpicYoutubeChannelFullOfFunTimesAndFunHiRickX
75%
JackSucksAtEspanol
75%
pretty woman kitchen
75%
SamSmellsOfApricots
75%
ejsafc
50%
Geography Stuff 🌎
50%
No Context JackSucksAtLife
50%
turd boi420
50%
JACKSEPICYOUTUBECHANNELFULLOFFUNTIMESANDFUNHIRICKXHASNOTHINGONME
25%
Jack vs Geography हिन्दी
25%
No matching quizzes found
Score Distribution
Percent of People with Each Score
Percentile by Number Answered
Your Score History
You have not taken this quiz